[Event "In Memorium"]
[Site "SchemingMind.com"]
[Date "2007.06.14"]
[Round "-"]
[White "echecs"]
[Black "Games Freak"]
[Result "1-0"]
[WhiteCountry "ENG"]
[BlackCountry "AUS"]
[WhiteElo "1805"]
[WhiteRD "60"]
[BlackElo "1340"]
[BlackRD "75"]
[GameID "109075"]

1. e4 d5 2. exd5 Qxd5 3. Nc3 Qd8 4. Nf3 Nf6 5. Bc4 e6 6. O-O Bc5 7. d3 O-O 8. Bg5 Nbd7 9. Ne4 c6 10. Bxf6 Nxf6
11. Nxc5 b6 12. Ne4 b5 13. Bb3 a6 14. c3 a5 15. Nxf6+ Qxf6 16. d4 e5 17. Nxe5 Be6 18. Bc2 Bd5 19. Qd3 g6 20. g3 Rae8
21. Nd7 Qe7 22. Nxf8 Qxf8 23. Rfe1 Rxe1+ 24. Rxe1 Bxa2 25. Re5 a4 26. Qe3 Bb3 27. Bxb3 axb3 28. Re8 Qxe8 29. Qxe8+ Kg7 30. Qxc6 f5
31. d5 b4 32. d6 bxc3 33. Qxc3+ Kf7 34. d7 Ke7 35. Qc8 h5 36. d8=Q+ Kf7 37. Qcd7#
1-0

[Event "In Memorium"]
[Site "SchemingMind.com"]
[Date "2007.06.14"]
[Round "-"]
[White "Games Freak"]
[Black "echecs"]
[Result "0-1"]
[WhiteCountry "AUS"]
[BlackCountry "ENG"]
[WhiteElo "1340"]
[WhiteRD "75"]
[BlackElo "1805"]
[BlackRD "60"]
[GameID "109076"]

1. e3 c5 2. d4 cxd4 3. Qxd4 Nc6 4. Qe4 Nf6 5. Qd3 e5 6. Nf3 e4 7. Qd1 exf3 8. Qxf3 Ne5 9. Qf5 d6 10. Bb5+ Bd7
11. Bxd7+ Nfxd7 12. f4 Qa5+ 13. c3 Nf3+ 14. gxf3 Qxf5 15. Nd2 Qh3 16. Kf2 Be7 17. f5 Bh4+ 18. Ke2 Qg2+ 19. Kd3 Qxh1 20. f4 Nc5+
21. Kd4 O-O 22. b4 Na4 23. Bb2 Bf6+ 24. Kd3 Nxb2+ 25. Kc2 Qxa1 26. a3 Na4 27. Ne4 Bxc3 28. Nxc3 Qxc3+ 29. Kd1 Rfe8 30. e4 Rxe4
31. h4 Re1#
0-1

[Event "In Memorium"]
[Site "SchemingMind.com"]
[Date "2007.06.16"]
[Round "-"]
[White "Ashmaster"]
[Black "Games Freak"]
[Result "1-0"]
[WhiteCountry "IRL"]
[BlackCountry "AUS"]
[WhiteElo "1538"]
[WhiteRD "77"]
[BlackElo "1177"]
[BlackRD "78"]
[GameID "109107"]

1. e4 d5 2. exd5 Qxd5 3. Nc3 Qd8 4. d4 h6 5. Nf3 Bg4 6. h3 Bxf3 7. Qxf3 f6 8. Qxb7 Nd7 9. Be2 e5 10. Bh5+ Ke7
11. Nd5+ Kd6 12. c4 exd4 13. Bf4+ Kc5 14. Qb5#
1-0

[Event "In Memorium"]
[Site "SchemingMind.com"]
[Date "2007.06.18"]
[Round "-"]
[White "Ashmaster"]
[Black "echecs"]
[Result "1-0"]
[WhiteCountry "IRL"]
[BlackCountry "ENG"]
[WhiteElo "1650"]
[WhiteRD "72"]
[BlackElo "1805"]
[BlackRD "60"]
[GameID "109108"]

1. e4 Nf6 2. e5 Nd5 3. d4 d6 4. Nf3 g6 5. Bc4 e6 6. O-O Bg7 7. Bxd5 exd5 8. Nc3 c6 9. Bf4 dxe5 10. Bxe5 O-O
11. Qd2 Nd7 12. Bxg7 Kxg7 13. Rfe1 Nf6 14. Ne5 Bf5 15. f3 Nd7 16. Nd1 f6 17. Nxd7 Qxd7 18. Nf2 h5 19. Re3 Rae8 20. Rae1 Rxe3
21. Rxe3 Re8 22. c3 b5 23. Nd3 Rc8 24. Nc5 Qd6 25. Re1 Ra8 26. Qe3 a5 27. Nb7 Qd7 28. Qe7+ Qxe7 29. Rxe7+ Kh6 30. Nd6 Bb1
31. a3 Ra6 32. Nf7+ Kg7 33. Nd8+ Kh6 34. Re6 Kg5 35. Rxc6 Rxc6 36. Nxc6 a4 37. Nb4 Kf5 38. Nxd5 Ba2 39. Nc7 Bc4 40. g3 g5
41. Kf2 Kg6 42. Ke3 f5 43. f4 g4 44. d5 Kf6 45. d6 Be6 46. Nxe6 Kxe6 47. Kd3 Kxd6 48. Kd4
1-0

[Event "In Memorium"]
[Site "SchemingMind.com"]
[Date "2007.06.15"]
[Round "-"]
[White "Games Freak"]
[Black "Ashmaster"]
[Result "0-1"]
[WhiteCountry "AUS"]
[BlackCountry "IRL"]
[WhiteElo "1340"]
[WhiteRD "75"]
[BlackElo "1650"]
[BlackRD "72"]
[GameID "109109"]

1. e3 e5 2. Bc4 d5 3. Bb3 Nf6 4. d3 Nc6 5. Nf3 Bg4 6. c3 Bd6 7. O-O e4 8. Ng5 Bxd1 9. Rxd1 Bxh2+ 10. Kxh2 Ng4+
11. Kg3 Qxg5 12. f4 exf3 13. Kxf3 Qf5+ 14. Kg3 O-O-O 15. e4 dxe4 16. dxe4 Qg6 17. Rxd8+ Rxd8 18. Nd2 Nf6+ 19. Kf3 Ne5+ 20. Ke3 Rd3+
21. Ke2 Qxg2+ 22. Ke1 Nf3+ 23. Kd1 Nxd2 24. Bxf7 Nf3+ 25. Bd2 Qxd2#
0-1

[Event "In Memorium"]
[Site "SchemingMind.com"]
[Date "2007.06.15"]
[Round "-"]
[White "echecs"]
[Black "Ashmaster"]
[Result "1-0"]
[WhiteCountry "ENG"]
[BlackCountry "IRL"]
[WhiteElo "1805"]
[WhiteRD "60"]
[BlackElo "1650"]
[BlackRD "72"]
[GameID "109110"]

1. e4 c5 2. c3 d5 3. Qa4+ Nc6 4. Bb5 Qd6 5. exd5 Qxd5 6. Bxc6+ Qxc6 7. Qxc6+ bxc6 8. Ne2 e6 9. Na3 Ba6 10. b3 Bxe2
11. Kxe2 Nf6 12. Nc4 Be7 13. Ne5 Rc8 14. Re1 Bd6 15. Kf1 Nd5 16. Ba3 a6 17. g3 Bxe5 18. Rxe5 Nf6 19. Rae1 Rd8 20. R1e2 Nd7
21. Rg5 Rg8 22. Rg4 Rb8 23. Ra4 Rb6 24. Ra5 Kd8 25. Re3 c4 26. bxc4 Kc7 27. Bb4 Rd8 28. d4 Nb8 29. Rh5
1-0

[Event "In Memorium"]
[Site "SchemingMind.com"]
[Date "2007.06.15"]
[Round "-"]
[White "smothered mate"]
[Black "Ashmaster"]
[Result "1-0"]
[WhiteCountry "POL"]
[BlackCountry "IRL"]
[WhiteElo "1901"]
[WhiteRD "79"]
[BlackElo "1538"]
[BlackRD "77"]
[GameID "109138"]

1. e4 c5 2. c3 d5 3. exd5 Qxd5 4. d4 Nf6 5. Be3 cxd4 6. cxd4 e6 7. Nc3 Qd6 8. Nf3 Nc6 9. Bd3 Nb4 10. Bb5+ Bd7
11. Ne5 Bc6 12. O-O Be7 13. a3 Bxb5 14. Nxb5 Qb6 15. Qa4 O-O 16. axb4 a6 17. Nc3 Qxb4 18. Qxb4 Bxb4 19. Nd3 Bxc3 20. bxc3
1-0

[Event "In Memorium"]
[Site "SchemingMind.com"]
[Date "2007.06.14"]
[Round "-"]
[White "smothered mate"]
[Black "Games Freak"]
[Result "1-0"]
[WhiteCountry "POL"]
[BlackCountry "AUS"]
[WhiteElo "1901"]
[WhiteRD "79"]
[BlackElo "1177"]
[BlackRD "78"]
[GameID "109139"]

1. e4 a6 2. d4 c6 3. Nf3 Nf6 4. Bd3 d5 5. e5 Ng4 6. h3 Nh6 7. Nc3 f6 8. O-O Nd7 9. Bxh6 gxh6 10. Ng5 Nxe5
11. dxe5 Be6 12. Nxe6 Qd7 13. Qh5#
1-0

[Event "In Memorium"]
[Site "SchemingMind.com"]
[Date "2007.06.14"]
[Round "-"]
[White "smothered mate"]
[Black "echecs"]
[Result "1-0"]
[WhiteCountry "POL"]
[BlackCountry "ENG"]
[WhiteElo "1901"]
[WhiteRD "79"]
[BlackElo "1800"]
[BlackRD "63"]
[GameID "109140"]

1. e4 Nf6 2. e5 Nd5 3. c4 Nb6 4. d4 d6 5. exd6 cxd6 6. d5 N8d7 7. Nc3 a6 8. Bd3 Ne5 9. b3 g6 10. Bc2 Bg7
11. Bb2 O-O 12. f4 Ng4 13. Qe2 Re8 14. h3 Nh6 15. O-O-O Nf5 16. Bxf5 Bxf5 17. g4 Bc8 18. Nf3 Nd7 19. Ne4 Bxb2+ 20. Qxb2 b5
21. Nfg5 Nf6 22. Rde1 Nxe4 23. Rxe4 Qb6 24. Rhe1 f6 25. Qxf6
1-0

[Event "In Memorium"]
[Site "SchemingMind.com"]
[Date "2007.06.15"]
[Round "-"]
[White "Ashmaster"]
[Black "smothered mate"]
[Result "1-0"]
[WhiteCountry "IRL"]
[BlackCountry "POL"]
[WhiteElo "1538"]
[WhiteRD "77"]
[BlackElo "1901"]
[BlackRD "79"]
[GameID "109141"]

1. e4 c5 2. Nf3 Nc6 3. d4 cxd4 4. Nxd4 e5 5. Nb5 d6 6. c4 Be6 7. N1c3 a6 8. Na3 Be7 9. Be2 Nf6 10. Nc2 Rc8
11. O-O O-O 12. b3 b5 13. cxb5 Nd4 14. Bb2 Nxe4 15. Nxe4 Nxc2 16. Rc1 Bf5 17. Rxc2 Bxe4 18. Rxc8 Qxc8 19. bxa6 Qa8 20. f3 Bg6
21. Bc4 Rc8 22. Qd5 Qa7+ 23. Kh1 Bf5= 24. Qxf7+
1-0

[Event "In Memorium"]
[Site "SchemingMind.com"]
[Date "2007.06.14"]
[Round "-"]
[White "Games Freak"]
[Black "smothered mate"]
[Result "0-1"]
[WhiteCountry "AUS"]
[BlackCountry "POL"]
[WhiteElo "1177"]
[WhiteRD "78"]
[BlackElo "1901"]
[BlackRD "79"]
[GameID "109142"]

1. e3 c5 2. c4 Nc6 3. d4 cxd4 4. exd4 e5 5. dxe5 Bc5 6. Bf4 Qb6 7. Nf3 Bxf2+ 8. Kd2 Qxb2+ 9. Kd3 f5 10. Ng5 Nb4#
0-1

[Event "In Memorium"]
[Site "SchemingMind.com"]
[Date "2007.06.15"]
[Round "-"]
[White "echecs"]
[Black "smothered mate"]
[Result "0-1"]
[WhiteCountry "ENG"]
[BlackCountry "POL"]
[WhiteElo "1800"]
[WhiteRD "63"]
[BlackElo "1901"]
[BlackRD "79"]
[GameID "109143"]

1. e4 c5 2. c3 e6 3. d4 cxd4 4. cxd4 d5 5. e5 Nc6 6. Nf3 Nh6 7. Nc3 Bb4 8. Bd2 Nf5 9. a3 Be7 10. Bc1 Qb6
11. Bb5 Bd7 12. Ne2 Qxb5 13. O-O Na5 14. b4 Nc4 15. Nc3 Qb6 16. Na4 Bxa4 17. Qxa4+ Qc6 18. Qb3 b5 19. Bb2 Nxb2 20. Qxb2 Rc8
21. Rfc1 Qd7 22. Rd1 O-O 23. g3 Rc4 24. Rd3 Rfc8 25. Rad1 R8c6 26. Qe2 Qc7 27. Kg2 Rc2 28. Qe1 R6c3 29. h3 Qc4 30. Rxc3 Rxc3
31. Nd2 Qxd4 32. Nb1 Rd3 33. Rc1 h5 34. Qe2 Bg5 35. Rc8+ Kh7 36. Qxh5+ Bh6 37. Qxf7 Ne3+ 38. fxe3 Qb2+ 39. Kf3 Rxe3+ 40. Kg4 Qd4+
0-1

[Event "In Memorium"]
[Site "SchemingMind.com"]
[Date "2007.06.15"]
[Round "-"]
[White "St.Alfonzo"]
[Black "Ashmaster"]
[Result "0-1"]
[WhiteCountry "CAN"]
[BlackCountry "IRL"]
[WhiteElo "1144"]
[WhiteRD "80"]
[BlackElo "1538"]
[BlackRD "77"]
[GameID "109145"]

1. d4 Nf6 2. b3 d5 3. Bb2 e6 4. Na3 Be7 5. Qd3 Nc6 6. Qg3 O-O 7. Qh4 Ne4 8. Qf4 Bd6 9. Qg4 e5 10. Qf3 Bxa3
11. Bxa3 Nxd4 12. Qd3 Re8 13. Nh3 Bf5 14. e3 Nxf2 15. Qxf5 Nxf5 16. Nxf2 Nxe3 17. Bc1 Nxc2+ 18. Kd1 Nxa1 19. Bb2 Qf6 20. Ng4 Qf5
0-1

[Event "In Memorium"]
[Site "SchemingMind.com"]
[Date "2007.06.14"]
[Round "-"]
[White "St.Alfonzo"]
[Black "echecs"]
[Result "0-1"]
[WhiteCountry "CAN"]
[BlackCountry "ENG"]
[WhiteElo "1144"]
[WhiteRD "80"]
[BlackElo "1800"]
[BlackRD "63"]
[GameID "109147"]

1. b3 b5 2. Ba3 a5 3. e4 b4 4. Bb2 Bb7 5. e5 e6 6. d4 d6 7. Nf3 Ne7 8. Bd3 dxe5 9. Nxe5 Nd5 10. Qh5 g6
11. Qe2 Bg7 12. a3 O-O 13. a4 Qg5 14. Bb5 Nf4 15. Qf3 Bxf3 16. gxf3 Bxe5 17. h4 Ng2+ 18. Kf1 Nxh4
0-1

[Event "In Memorium"]
[Site "SchemingMind.com"]
[Date "2007.06.15"]
[Round "-"]
[White "St.Alfonzo"]
[Black "smothered mate"]
[Result "0-1"]
[WhiteCountry "CAN"]
[BlackCountry "POL"]
[WhiteElo "1144"]
[WhiteRD "80"]
[BlackElo "1901"]
[BlackRD "79"]
[GameID "109148"]

1. d4 Nf6 2. b4 e6 3. Ba3 a5 4. b5 Bxa3 5. Nxa3 Qe7 6. Qd3 c6 7. e4 d5 8. e5 Nfd7 9. Nf3 c5 10. c4 cxd4
11. Nxd4 Nc5 12. Qg3 O-O 13. Bd3 Nbd7 14. Qh3 h6 15. O-O Nxe5 16. f4 Nexd3 17. Rfd1 Nxf4 18. Qg3 e5 19. Nf3 Ne2+
0-1

[Event "In Memorium"]
[Site "SchemingMind.com"]
[Date "2007.06.15"]
[Round "-"]
[White "Ashmaster"]
[Black "St.Alfonzo"]
[Result "1-0"]
[WhiteCountry "IRL"]
[BlackCountry "CAN"]
[WhiteElo "1538"]
[WhiteRD "77"]
[BlackElo "1144"]
[BlackRD "80"]
[GameID "109149"]

1. e4 d5 2. exd5 Qxd5 3. Nc3 Qa5 4. d4 Nf6 5. Nf3 Bg4 6. h3 Be6 7. Bd3 Nd5 8. Bd2 Qb6 9. Na4 Qd6 10. O-O Nc6
11. c4 Nf4 12. Bxf4 Qb4 13. d5 Bxh3 14. a3 Qa5 15. b4 Nxb4 16. axb4 Qxb4 17. gxh3 b5 18. Bd2 Qd6 19. c5
1-0

[Event "In Memorium"]
[Site "SchemingMind.com"]
[Date "2007.06.15"]
[Round "-"]
[White "echecs"]
[Black "St.Alfonzo"]
[Result "1-0"]
[WhiteCountry "ENG"]
[BlackCountry "CAN"]
[WhiteElo "1788"]
[WhiteRD "65"]
[BlackElo "1268"]
[BlackRD "95"]
[GameID "109151"]

1. b4 g5 2. Bb2 f6 3. e4 e5 4. Qh5+ Ke7 5. Nc3 Nh6 6. Nd5+ Ke6 7. Bc4 c6 8. Nc7+ Kd6 9. Nxa8 b5 10. Bb3 Bb7
11. O-O-O Bxa8 12. d4 exd4 13. Bxd4 Qc7 14. Bxf6#
1-0

[Event "In Memorium"]
[Site "SchemingMind.com"]
[Date "2007.06.14"]
[Round "-"]
[White "smothered mate"]
[Black "St.Alfonzo"]
[Result "1-0"]
[WhiteCountry "POL"]
[BlackCountry "CAN"]
[WhiteElo "1901"]
[WhiteRD "79"]
[BlackElo "1144"]
[BlackRD "80"]
[GameID "109152"]

1. e4 b6 2. Nf3 d5 3. exd5 Qxd5 4. Nc3 Qb7 5. Bc4 e6 6. d4 c5 7. O-O Bd6 8. d5 Nf6 9. dxe6 Bxe6 10. Bxe6 fxe6
11. Qxd6 Qd7 12. Bf4 Qc6 13. Rfe1 Qxd6 14. Bxd6 Ng8 15. Rad1 Nh6 16. Ng5 Kd7 17. Bxb8+ Kc8 18. Bg3 Re8 19. Nb5 Re7 20. Nxe6 Nf5
21. Re4
1-0

[Event "In Memorium"]
[Site "SchemingMind.com"]
[Date "2007.06.15"]
[Round "-"]
[White "bull mccabe"]
[Black "Ashmaster"]
[Result "0-1"]
[WhiteCountry "IRL"]
[BlackCountry "IRL"]
[WhiteElo "1399"]
[WhiteRD "64"]
[BlackElo "1650"]
[BlackRD "72"]
[GameID "109292"]

1. e4 c5 2. Nc3 Nc6 3. f4 d6 4. Nf3 Bg4 5. Be2 e6 6. O-O Nf6 7. d3 Be7 8. h3 Bxf3 9. Bxf3 O-O 10. a3 Qb6
11. b3 Rfd8 12. f5 exf5 13. exf5 c4+ 14. Kh1 cxb3 15. cxb3 Ne5 16. Bd5 Qd4 17. Qc2 Nxd5 18. Nxd5 Qxd5 19. Bb2 Rac8 20. Qe2 Qxd3
21. Qxd3 Nxd3 22. Bd4 Rc6 23. Bxa7 b6
0-1

[Event "In Memorium"]
[Site "SchemingMind.com"]
[Date "2007.06.15"]
[Round "-"]
[White "bull mccabe"]
[Black "Games Freak"]
[Result "0-1"]
[WhiteCountry "IRL"]
[BlackCountry "AUS"]
[WhiteElo "1399"]
[WhiteRD "64"]
[BlackElo "1340"]
[BlackRD "75"]
[GameID "109293"]

1. e4 d5 2. exd5 Qxd5 3. Nc3 Qd8 4. d4 Nc6 5. Bb5 Bd7 6. Nf3 Nf6 7. O-O e6 8. h3 a6 9. Be2 Bd6 10. Bg5 O-O
11. Ne4 b5 12. Nxf6+ gxf6 13. Bh4 e5 14. c3 b4 15. Bxf6 Qxf6 16. d5 Na5 17. cxb4 Bxb4 18. Rc1 Kh8 19. Rxc7 Bc8 20. Qa4 Rb8
21. a3 Bd6 22. Qxa5 Rxb2 23. Bxa6 Bxc7 24. Qxc7 Qxa6
0-1

[Event "In Memorium"]
[Site "SchemingMind.com"]
[Date "2007.06.14"]
[Round "-"]
[White "bull mccabe"]
[Black "echecs"]
[Result "0-1"]
[WhiteCountry "IRL"]
[BlackCountry "ENG"]
[WhiteElo "1544"]
[WhiteRD "76"]
[BlackElo "1800"]
[BlackRD "63"]
[GameID "109294"]

1. e4 Nf6 2. e5 Nd5 3. d4 d6 4. Nf3 g6 5. c4 Nb6 6. exd6 cxd6 7. Nc3 Bg7 8. Be3 O-O 9. Rc1 Bg4 10. Be2 Nc6
11. O-O Bxf3 12. Bxf3 Nxc4 13. Bxc6 bxc6 14. b3 Nxe3 15. fxe3 Qa5 16. Qf3 c5 17. Qf2 Rac8 18. dxc5 Bxc3
0-1

[Event "In Memorium"]
[Site "SchemingMind.com"]
[Date "2007.06.15"]
[Round "-"]
[White "bull mccabe"]
[Black "St.Alfonzo"]
[Result "1-0"]
[WhiteCountry "IRL"]
[BlackCountry "CAN"]
[WhiteElo "1564"]
[WhiteRD "76"]
[BlackElo "1268"]
[BlackRD "95"]
[GameID "109295"]

1. e4 d5 2. exd5 Qxd5 3. Nc3 Qd8 4. d4 Nf6 5. Nf3 Bg4 6. Be2 Nc6 7. O-O Qd5 8. Nxd5 Nxd5 9. Ne5 Nxe5 10. dxe5 Bxe2
11. Qxe2 e6 12. Qb5+ c6 13. Qxb7 Rd8 14. Qxc6+ Rd7 15. Bd2 Bb4 16. Bxb4 Nxb4 17. Qe4 O-O 18. Qxb4 Rd5 19. f4 Rfd8 20. Qe1 Rd2
21. Rd1 Rxd1 22. Qxd1 Rxd1 23. Rxd1 h5 24. c4
1-0

[Event "In Memorium"]
[Site "SchemingMind.com"]
[Date "2007.06.15"]
[Round "-"]
[White "bull mccabe"]
[Black "smothered mate"]
[Result "0-1"]
[WhiteCountry "IRL"]
[BlackCountry "POL"]
[WhiteElo "1399"]
[WhiteRD "64"]
[BlackElo "1930"]
[BlackRD "80"]
[GameID "109296"]

1. e4 c5 2. Nc3 g6 3. f4 Bg7 4. Nf3 Nc6 5. Bb5 a6 6. Bxc6 dxc6 7. O-O Nf6 8. d3 O-O 9. Bd2 Bg4 10. h3 Bxf3
11. Qxf3 c4 12. e5 Nd7 13. Ne4 cxd3 14. Qxd3 Qc7 15. Rad1 Rad8 16. Qb3 Qb6+ 17. Qxb6 Nxb6 18. Be3 Nd5 19. Bb6 Nxb6 20. Rde1 f5
21. Nc5 Rd2 22. Rf2 Rfd8 23. Ree2 Rxe2 24. Rxe2 Nd5 25. Rf2 Nxf4 26. Rxf4 Bxe5 27. Rb4 Bd4+
0-1

[Event "In Memorium"]
[Site "SchemingMind.com"]
[Date "2007.06.15"]
[Round "-"]
[White "Ashmaster"]
[Black "bull mccabe"]
[Result "1-0"]
[WhiteCountry "IRL"]
[BlackCountry "IRL"]
[WhiteElo "1650"]
[WhiteRD "72"]
[BlackElo "1399"]
[BlackRD "64"]
[GameID "109297"]

1. e4 c5 2. Nf3 Nc6 3. d4 cxd4 4. Nxd4 Nf6 5. Nc3 a6 6. Bg5 e6 7. f4 Be7 8. Nxc6 bxc6 9. Qf3 O-O 10. O-O-O d5
11. e5 Nd7 12. h4 h6 13. Bxe7 Qxe7 14. g4 Rb8 15. g5 f5 16. exf6 Qf7 17. fxg7 Qxg7 18. Bh3 hxg5 19. Bxe6+
1-0

[Event "In Memorium"]
[Site "SchemingMind.com"]
[Date "2007.06.15"]
[Round "-"]
[White "Games Freak"]
[Black "bull mccabe"]
[Result "1-0"]
[WhiteCountry "AUS"]
[BlackCountry "IRL"]
[WhiteElo "1340"]
[WhiteRD "75"]
[BlackElo "1399"]
[BlackRD "64"]
[GameID "109298"]

1. e3 e5 2. Bc4 d5 3. Bb3 Nf6 4. Nc3 Bb4 5. a3 Bxc3 6. dxc3 c6 7. Nh3 h6 8. O-O O-O 9. c4 Re8 10. Bd2 Ne4
11. c3 dxc4 12. Bxc4 Nxd2 13. b3 Nxc4 14. Qe2 Nb6 15. c4 Bxh3 16. Qf3 Qd3 17. Rab1 Be6 18. Rfd1 Qf5 19. Qg3 N8d7 20. f3 Rad8
21. e4 Qg5 22. a4 Qxg3 23. hxg3 Nc5 24. Rxd8 Rxd8 25. a5 Nc8 26. g4 Rd3 27. b4
1-0

[Event "In Memorium"]
[Site "SchemingMind.com"]
[Date "2007.06.15"]
[Round "-"]
[White "echecs"]
[Black "bull mccabe"]
[Result "1-0"]
[WhiteCountry "ENG"]
[BlackCountry "IRL"]
[WhiteElo "1805"]
[WhiteRD "60"]
[BlackElo "1399"]
[BlackRD "64"]
[GameID "109299"]

1. e4 c5 2. c3 Nc6 3. Nf3 d6 4. Bb5 Bd7 5. O-O a6 6. Be2 Nf6 7. d3 e5 8. Nbd2 Be7 9. Qb3 b5 10. a4 bxa4
11. Rxa4 O-O 12. Qa3 a5 13. Qb3 h6 14. Ra1 Rb8 15. Qa3 Qc7 16. Nc4 Bd8 17. Nfd2 Qa7 18. Nxd6 Be6 19. N6c4 Bc7 20. Nb3 Bxc4
21. dxc4 Nxe4 22. Bf3 Nd6 23. Bxc6 Nxc4 24. Qxc5 Qxc5 25. Nxc5 Rfd8 26. Bf3 Bb6 27. Na6 Rbc8 28. Bb7
1-0

[Event "In Memorium"]
[Site "SchemingMind.com"]
[Date "2007.06.15"]
[Round "-"]
[White "St.Alfonzo"]
[Black "bull mccabe"]
[Result "0-1"]
[WhiteCountry "CAN"]
[BlackCountry "IRL"]
[WhiteElo "1144"]
[WhiteRD "80"]
[BlackElo "1544"]
[BlackRD "76"]
[GameID "109300"]

1. b4 e5 2. Bb2 d6 3. c4 Nf6 4. d3 a6 5. e4 Be7 6. Be2 O-O 7. Nf3 h6 8. d4 Nxe4 9. Qd3 Nf6 10. Nbd2 Nbd7
11. Ne4 Nxe4 12. Qxe4 exd4 13. Bd3 Nf6 14. Qxd4 Nh5 15. Be2 Bf6 16. Qd2 Re8 17. O-O Bxb2 18. Qxb2 Nf6 19. Bd1 Be6 20. Qd4 Nd7
21. Bc2 Qf6 22. Qd3 Bf5 23. Qd2 Bxc2 24. Qxc2 Ne5 25. Nxe5 Qxe5 26. Rfe1 Qh5 27. Rxe8+ Rxe8 28. Qa4 Qe5 29. g3 Qxa1+ 30. Kg2 Qe5
31. Qd7 Qe7 32. Qg4 Qe4+ 33. Kh3 Qxg4+ 34. Kxg4 Re2 35. f4 Rxh2 36. Kf5 Rxa2
0-1

[Event "In Memorium"]
[Site "SchemingMind.com"]
[Date "2007.06.15"]
[Round "-"]
[White "smothered mate"]
[Black "bull mccabe"]
[Result "1-0"]
[WhiteCountry "POL"]
[BlackCountry "IRL"]
[WhiteElo "1901"]
[WhiteRD "79"]
[BlackElo "1544"]
[BlackRD "76"]
[GameID "109301"]

1. e4 c5 2. c3 Nc6 3. d4 cxd4 4. cxd4 e6 5. Nc3 Bb4 6. Nf3 Nf6 7. Bd3 O-O 8. O-O h6 9. e5 Ne8 10. Ne4 Nc7
11. Bxh6 gxh6 12. Nf6+ Kh8 13. Ng5 Ne8 14. Qh5 Kg7 15. Ngh7 Ne7 16. Nxf8
1-0

[Event "In Memorium"]
[Site "SchemingMind.com"]
[Date "2007.06.15"]
[Round "-"]
[White "Pervachess"]
[Black "Ashmaster"]
[Result "0-1"]
[WhiteCountry "ROU"]
[BlackCountry "IRL"]
[WhiteElo "1219"]
[WhiteRD "103"]
[BlackElo "1650"]
[BlackRD "72"]
[GameID "109440"]

1. e4 c5 2. Bc4 e6 3. Nf3 d6 4. d3 Nc6 5. Ng5 Be7 6. h4 h6 7. Nf3 Nf6 8. Nc3 O-O 9. Be3 Qb6 10. Rb1 Rd8
11. Bd2 d5 12. exd5 exd5 13. Na4 Qc7 14. Bb3 Bg4 15. Rg1 Nd4 16. Nc3 Nxf3+ 17. gxf3 Qh2 18. Ke2 Qe5+ 19. Be3 Be6
0-1

[Event "In Memorium"]
[Site "SchemingMind.com"]
[Date "2007.06.18"]
[Round "-"]
[White "Pervachess"]
[Black "echecs"]
[Result "0-1"]
[WhiteCountry "ROU"]
[BlackCountry "ENG"]
[WhiteElo "1219"]
[WhiteRD "103"]
[BlackElo "1805"]
[BlackRD "60"]
[GameID "109442"]

1. e4 Nf6 2. Nc3 d5 3. e5 d4 4. exf6 dxc3 5. fxe7 Qxe7+ 6. Qe2 cxd2+ 7. Bxd2 Qe6 8. Nf3 Be7 9. Nd4 Qxe2+ 10. Bxe2 a6
11. a3 Bd7 12. Bf3 c6 13. O-O O-O 14. c3 a5 15. h3 Na6 16. Be3 Nc5 17. b4 Na4 18. c4 axb4 19. axb4 Bxb4 20. Ne2 Nc3
21. Rxa8 Nxe2+ 22. Bxe2 Rxa8 23. Rd1 Be6 24. c5 Bc3 25. Kh2 g6 26. Rb1 Bc8 27. Rd1 Bf5 28. Bf3 Kg7 29. g4 Be5+ 30. Kg2 Bc2
31. Rd7 Rb8 32. h4 Kg8 33. Bd4 Bxd4 34. Rxd4 Ra8 35. Rd2 Ba4 36. Ra2 Ra6
0-1

[Event "In Memorium"]
[Site "SchemingMind.com"]
[Date "2007.06.15"]
[Round "-"]
[White "Pervachess"]
[Black "St.Alfonzo"]
[Result "1-0"]
[WhiteCountry "ROU"]
[BlackCountry "CAN"]
[WhiteElo "1522"]
[WhiteRD "201"]
[BlackElo "1144"]
[BlackRD "80"]
[GameID "109443"]

1. d4 d5 2. Nc3 Nf6 3. e3 Bg4 4. Be2 Bxe2 5. Ngxe2 e6 6. O-O Bb4 7. Bd2 O-O 8. a3 Bd6 9. h3 Ne4 10. Nxe4 Qh4
11. Nxd6 cxd6 12. Bb4 Nd7 13. Bxd6 Rfc8 14. Bg3 Qe4 15. Nc3 Qf5 16. Nb5 Nb6 17. Nd6 Qxc2 18. Nxc8 Rxc8 19. Qxc2 Rxc2 20. b3 h5
21. a4 g5 22. f3 f5 23. Rfc1
1-0

[Event "In Memorium"]
[Site "SchemingMind.com"]
[Date "2007.06.15"]
[Round "-"]
[White "Pervachess"]
[Black "bull mccabe"]
[Result "0-1"]
[WhiteCountry "ROU"]
[BlackCountry "IRL"]
[WhiteElo "1219"]
[WhiteRD "103"]
[BlackElo "1399"]
[BlackRD "64"]
[GameID "109444"]

1. e4 c5 2. Bc4 Nc6 3. Nc3 e6 4. d3 Nf6 5. Bg5 Be7 6. h3 h6 7. Bf4 O-O 8. e5 Nh7 9. Qg4 Bg5 10. Nf3 Bxf4
11. Qxf4 b6 12. a3 Bb7 13. O-O Ne7 14. Qe3 Nf5 15. Qf4 d5 16. exd6 Qxd6 17. Qxd6 Nxd6 18. Bb3 Bxf3 19. gxf3 Ng5 20. Kg2 Rad8
21. Ne2 Nf5 22. f4 Nh7
0-1

[Event "In Memorium"]
[Site "SchemingMind.com"]
[Date "2007.06.16"]
[Round "-"]
[White "Pervachess"]
[Black "smothered mate"]
[Result "0-1"]
[WhiteCountry "ROU"]
[BlackCountry "POL"]
[WhiteElo "1219"]
[WhiteRD "103"]
[BlackElo "1930"]
[BlackRD "80"]
[GameID "109445"]

1. e4 c5 2. Bc4 e6 3. Nc3 Nf6 4. d3 d5 5. exd5 exd5 6. Bb5+ Nc6 7. Bxc6+ bxc6 8. Qe2+ Be7 9. Nf3 O-O 10. O-O Bg4
11. h3 Bh5 12. Re1 Bd6 13. g4 Bg6 14. Bg5 Qd7 15. Bxf6 gxf6 16. Nh4 Rae8 17. Qd2 Bc7 18. Rxe8 Rxe8 19. f4 f5 20. Nxg6 fxg6
21. g5 d4 22. Ne2 Re3 23. Kh2 Qe7 24. Re1 Qxg5 25. Rf1 Qh4 26. Qe1 Rxh3+ 27. Kg2 Rh2+ 28. Kg1 Rh1+ 29. Kg2 Qh3+ 30. Kf2 Rh2+
0-1

[Event "In Memorium"]
[Site "SchemingMind.com"]
[Date "2007.06.17"]
[Round "-"]
[White "Ashmaster"]
[Black "Pervachess"]
[Result "1-0"]
[WhiteCountry "IRL"]
[BlackCountry "ROU"]
[WhiteElo "1650"]
[WhiteRD "72"]
[BlackElo "1219"]
[BlackRD "103"]
[GameID "109446"]

1. e4 e5 2. Nf3 d6 3. d4 Nc6 4. Bb5 Bd7 5. Nc3 a6 6. Bxc6 Bxc6 7. dxe5 dxe5 8. Qxd8+ Rxd8 9. Nxe5 Ne7 10. Bf4 Rc8
11. O-O-O f6 12. Nxc6 Nxc6 13. Nd5 Bd6 14. Bxd6 cxd6 15. Ne3 Rd8 16. Nf5 O-O 17. Rxd6 Rxd6 18. Nxd6 b5 19. Rd1 Ne5 20. f4
1-0

[Event "In Memorium"]
[Site "SchemingMind.com"]
[Date "2007.06.18"]
[Round "-"]
[White "echecs"]
[Black "Pervachess"]
[Result "1-0"]
[WhiteCountry "ENG"]
[BlackCountry "ROU"]
[WhiteElo "1805"]
[WhiteRD "60"]
[BlackElo "1219"]
[BlackRD "103"]
[GameID "109448"]

1. e4 e5 2. Nf3 Nc6 3. Bc4 h6 4. Nc3 Nf6 5. d4 d6 6. O-O a6 7. dxe5 dxe5 8. Qxd8+ Nxd8 9. Nxe5 Bd6 10. Nd3 Nh7
11. e5 Be7 12. Nd5 Kd7 13. Bf4 Ne6 14. Be3 Kd8 15. Rad1 b5 16. Bb3 Bb7 17. N3f4 Ke8 18. Nxe6 fxe6 19. Nxc7+ Kf7 20. Bxe6+ Kg6
21. Nxa8 Bxa8 22. f4 Be4 23. g4 Nf8 24. f5+ Kh7 25. Bf7 Bxc2 26. Rc1 Bd3 27. Rfd1 Be2 28. Re1 Bxg4 29. f6 Bd8 30. fxg7 Kxg7
31. e6 Nxe6 32. Bxe6 Bxe6 33. Bd4+ Bf6 34. Rc7+ Bf7 35. Bxf6+ Kxf6 36. Rf1+ Ke6 37. Rcxf7
1-0